00582nam a22002057a 450000500170000000800410001702000180005804000210007604100080009708200130010510000270011824500740014525000170021926000340023630000100027065000170028065000190029765000230031665000370033920230825110801.0230825b ||||| |||| 00| 0 eng d a9789385439834 aIN-DiNCcIN-DiNC deng a823bNEO aNeog, Biswajiteauthor aBritish poetry and drama:b17th and 18th centuries/cby Biswajit Neog a2nd rev. ed. aJorhat:bBidya bhawan,c2021. a375p. aPuritan epic aJacobean drama aRestoration comedy aNeoclassical/ Augustan mock epic